[Event "Stuttgart-chB int"]
[Site "Ditzingen"]
[Date "2006.05.28"]
[Round "7"]
[White "Ruff, Robert"]
[Black "Schnorr, Andreas"]
[Result "1-0"]
[WhiteElo "1564"]
[BlackElo "1362"]
[PlyCount "53"]
[EventDate "2006.05.25"]
[EventType "swiss"]
[EventRounds "7"]
[EventCountry "GER"]
[SourceTitle "EXT 2018"]
[Source "ChessBase"]
[SourceDate "2017.10.13"]
[SourceVersion "1"]
[SourceVersionDate "2017.10.13"]
[SourceQuality "1"]

1. d4 f5 2. h3 d6 3. Nc3 g6 4. Bg5 c6 5. Qd2 Bg7 6. e4 Qc7 7. Bc4 b5 8. Bb3 a5 9. Bxg8 Rxg8 10. exf5 Bxf5 11. g4 Bc8 12. Nge2 h6 13. Bxh6 Bb7 14. Rf1 Nd7 15. Bxg7 Rxg7 16. Nf4 Nf8 17. Qe3 0-0-0 18. 0-0-0 Kb8 19. d5 b4 20. Na4 cxd5 21. Nxd5 Bxd5 22. Rxd5 Qc6 23. Rxa5 Rd7 24. Qd3 e5 25. Ra6 Qg2 26. Rd1 Qxf2 27. Qb5+ 1-0

[Event "Stuttgart-chB int"]
[Site "Ditzingen"]
[Date "2006.05.27"]
[Round "6"]
[White "Schnorr, Andreas"]
[Black "Musovic, Naser"]
[Result "0-1"]
[WhiteElo "1362"]
[BlackElo "1535"]
[PlyCount "100"]
[EventDate "2006.05.25"]
[EventType "swiss"]
[EventRounds "7"]
[EventCountry "GER"]
[SourceTitle "EXT 2018"]
[Source "ChessBase"]
[SourceDate "2017.10.13"]
[SourceVersion "1"]
[SourceVersionDate "2017.10.13"]
[SourceQuality "1"]

1. e4 c5 2. d4 cxd4 3. c3 dxc3 4. Nxc3 e6 5. Nf3 Bb4 6. Bd2 Nc6 7. a3 Bxc3 8. Bxc3 Nf6 9. Bd3 0-0 10. 0-0 h6 11. Qe2 Re8 12. Rfd1 b6 13. b4 a6 14. e5 Nh7 15. Qe4 f5 16. exf6 Nxf6 17. Qg6 Bb7 18. Ne5 Nxe5 19. Bxe5 d5 20. Rac1 Rc8 21. Bf4 Kf8 22. Bxh6 gxh6 23. Qxh6+ Ke7 24. Qg7+ Kd6 25. Qxb7 Rxc1 26. Rxc1 Ng4 27. f4 Ne5 28. fxe5+ Kxe5 29. Qc7+ Qxc7 30. Rxc7 a5 31. bxa5 bxa5 32. Rc5 Kd4 33. Bg6 Rg8 34. Rxa5 Rxg6 35. Rb5 Kc3 36. a4 d4 37. Rc5+ Kb4 38. Rc6 Rf6 39. Rd6 Kc3 40. Rc6+ Kd2 41. h3 d3 42. a5 Ke2 43. a6 d2 44. Rd6 d1Q+ 45. Rxd1 Kxd1 46. h4 e5 47. a7 Rf8 48. a8Q Rxa8 49. Kf2 Kd2 50. Kf3 Kd3 0-1